00489nam a2200145Ia 4500008004100000041000800041082001400049100001700063245004500080260003200125300003100157365001100188999001700199952012700216240624s9999 xx 000 0 und d aeng a658.4 TAL aTALBOT FIONA aEXECUTIVE WRITING SKILLS FOR MANAGERS MA c2009aNew DelhibKogan Page axvi, : 140 : p. : cm. ; 21 cRSb30 c14528d14528 00104070aIMTNbIMTNcRack 28-Ad2010-02-17eBWEg250.00n8248o658.4 TALp14528r2024-06-24 00:00:00t1w2024-06-24yBK